00408nam a22001457a 4500003000600000005001700006008004100023040000800064082001300072100002400085245006600109260003200175300001900207650003600226GBCCL20241126110556.0180502b ||||| |||| 00| 0 eng d cgbc a241bSEG aSegraves, Daniel L. aWomen's hair:bThe long and short of it /cDaniel L. Segraves aIllinois:bGood Word,c1979 a47 p.;c21 cm. aHair cuttingxBiblical teaching